Metody a technologie programování 2

Gespeichert in:
Bibliographische Detailangaben
1. Verfasser: Drbal, Pavel
Körperschaft: Vysoká škola ekonomická v Praze. Fakulta řízení
Weitere Verfasser: Jilková, Helena
Format: Buch
Sprache:Tschechisch
Veröffentlicht: Praha Státní pedagogické nakladatelství 1985
Tags: Tag hinzufügen
Keine Tags, Fügen Sie das erste Tag hinzu!

MARC

LEADER 00000nam a2200000 4500
001 c105096
005 20190423104325.0
041 0 |a cze 
044 |a CZ 
245 1 0 |a Metody a technologie programování 2  |c Pavel Drbal, Helena Jilková 
264 1 |a Praha  |b Státní pedagogické nakladatelství  |c 1985 
300 |a 321 s. 
100 1 |a Drbal, Pavel 
700 1 |a Jilková, Helena 
710 2 |a Vysoká škola ekonomická v Praze. Fakulta řízení